La Lettera Perduta

Gespeichert in:
Bibliographische Detailangaben
1. Verfasser: Scott Mariani
Format: Buch
Sprache:Nichtbestimmte Sprache
Veröffentlicht: Nord
Tags: Tag hinzufügen
Keine Tags, Fügen Sie das erste Tag hinzu!

MARC

LEADER 00000nam a2200000Ia 4500
001 R-1294
003 CODICE-MESSINA
005 20260212102505.0
008 260211s9999 xx 000 0 und d
040 |c importazione_messina 
100 |a Scott Mariani 
245 0 |a La Lettera Perduta 
260 |b Nord 
942 |2 ddc  |c BK 
952 |0 0  |1 0  |2 ddc  |4 0  |6 SCAFFALE_12_000000000000000__ROMANZI  |7 0  |9 32127  |a ME  |b ME  |d 2026-02-11  |l 0  |o SCAFFALE 12 - ROMANZI  |p R-1294  |r 2026-02-11 23:52:59  |w 2026-02-11  |x [REVISIONARE]  |y BK 
999 |c 27794  |d 27794